NBA players with the most MVP shares - Statistics

General Stats
  • This quiz has been taken 79 times
  • The average score is 17 of 20
Answer Stats
MVP shares Player % Correct
8.831 LeBron James
100%
8.115 Michael Jordan
100%
4.202 Kobe Bryant
99%
3.211 Kevin Durant
97%
4.380 Shaquille O'Neal
97%
5.612 Larry Bird
96%
4.423 Wilt Chamberlain
96%
6.105 Kareem Abdul-Jabbar
94%
5.104 Magic Johnson
94%
4.852 Bill Russell
93%
4.278 Tim Duncan
90%
4.296 Karl Malone
89%
2.854 Moses Malone
89%
4.460 Nikola Jokic
87%
3.657 James Harden
81%
4.175 Giannis Antetokounmpo
79%
2.753 Kevin Garnett
71%
3.123 David Robinson
64%
3.551 Julius Erving
60%
2.671 Bob Pettit
54%
No matching quizzes found
Score Distribution
Percent of People with Each Score
Percentile by Number Answered
Your Score History
You have not taken this quiz